000 01329cab a2200313 4500
001 ABS67783
008 040511n2004 000 0 eng u
035 _a(Sirsi) u126166
245 _aWelcome back
260 _C2004
490 _aArt Newspaper
_v(147) May 2004, 8-12(5)
520 _aWelcomes the Czech Republic, Estonia, Hungary, Latvia, Lithuania, Malta, Poland, Slovakia and Slovenia and Cyprus as members of the enlarged EU. Lists key museum and art galleries of each country together with basic statistical data including population, languages and GDP. Assesses investment opportunities in the new member states, asks whether membership of the EU will generate more domestic interest in and support for art in the Czech Republic. Focuses on the role of the Bundeskulturstiftung (German Federal Cultural Foundation) in encouraging and sponsoring art and cultural activities in the new member states.
590 _aABS
650 _aEU
650 _aCULTURAL OBJECTS
650 _aFINE ART
650 _aArts and antiques
_96217
650 _aCZECH REPUBLIC
650 _aHUNGARY
650 _aLATVIA
650 _aLITHUANIA
650 _aESTONIA
650 _aSLOVAKIA
650 _aSLOVENIA
650 _aINVESTMENT
650 _aSTATISTICS
690 _aArts and antiques
_96217
942 _n0
999 _c74393
_d74393